01488nam a2200337 a 4500001001200000003000800012006001900020007001500039008004100054020001500095020001800110020002700128040002100155035002100176050002500197245005400222260006000276300002300336500005700359500003700416500020400453533015200657650003400809650003700843655002900880710003800909710004300947710001700990856012601007999001701133ebr10568069CaPaEBRm u cr cn|||||||||120618s2012 nyua s 000 0 eng d z1583218858 z9781583218853 z9781613001431 (e-book) aCaPaEBRcCaPaEBR a(OCoLC)80204003714aTP245.C4bG73 2012eb00aGranular activated carbonh[electronic resource]. a[New York?] :bAmerican Water Works Association,c2012. axvi, 38 p. :bill. a"ANSI/AWWA B604-12 (revision of ANSI/AWWA B604-05)." aAt head of title: AWWA standard. a"Effective date: June 1, 2012. First edition approved by AWWA Board of Directors Jan. 28, 1974. This edition approved Jan. 22, 2012. Approved by American National Standards Institute March 27, 2012." aElectronic reproduction.bPalo Alto, Calif. :cebrary,d2011.nAvailable via World Wide Web.nAccess may be limited to ebrary affiliated libraries. 0aCarbon, ActivatedxStandards. 0aWaterxPurificationxAdsorption. 7aElectronic books.2local2 aAmerican Water Works Association.2 aAmerican National Standards Institute.2 aebrary, Inc.40uhttp://site.ebrary.com/lib/rucke/Doc?id=10568069zAn electronic book accessible through the World Wide Web; click to view c82356d82356